[Event "56th TCh-DEN Ex 2017-18"]
[Site "Denmark DEN"]
[Date "2017.11.18"]
[Round "1.2"]
[Board "5"]
[White "Hove, Esben Kjems"]
[Black "Light, Bjarne"]
[Result "1/2-1/2"]
[WhiteTitle "FM"]
[WhiteElo "2325"]
[BlackElo "2234"]
[WhiteTeam "Nordkalotten"]
[BlackTeam "BOV"]
[WhiteFideId "1401505"]
[BlackFideId "1401360"]
[EventDate "2017.11.18"]

1. d4 Nf6 2. Bg5 Ne4 3. Bf4 Nc6 4. f3 Nf6 5. e4 d5 6. e5 Nd7 7. c3 e6 8. Nd2 f6
9. exf6 gxf6 10. Bg3 e5 11. f4 Qe7 12. Qh5+ Qf7 13. Qxf7+ Kxf7 14. fxe5 fxe5 15.
dxe5 Ndxe5 16. Ngf3 Bd6 17. Nxe5+ Bxe5 18. Bxe5 Nxe5 19. Be2 Kg7 20. O-O Bg4 21.
Bxg4 Nxg4 22. Rf3 Nf6 23. Rg3+ Kf7 24. Rf1 Raf8 25. c4 Rhg8 26. Rb3 b6 27. cxd5
Ke7 28. Re3+ Kd7 29. Ref3 Ke7 30. Rf5 Ne8 31. Re1+ Kd7 32. Rfe5 Rg7 33. Ne4 Nd6
34. Ng3 Rff7 35. Nh5 Rg6 36. b3 a5 37. Re6 Nb5 38. g3 Nd4 39. Nf4 Rxf4 40. Rxg6
Nf3+ 41. Kf2 Nxe1+ 42. gxf4 hxg6 43. Kxe1 Kd6 44. Ke2 Kxd5 45. Kf3 b5 46. Ke3 c5
47. Kd3 c4+ 48. bxc4+ bxc4+ 49. Kc3 Kc5 50. h4 Kd5 51. f5 gxf5 52. h5 f4 53. h6
f3 54. h7 f2 55. h8=Q f1=Q 56. Qd4+ 1/2-1/2

[Event "56th TCh-DEN Ex 2017-18"]
[Site "Denmark DEN"]
[Date "2017.11.18"]
[Round "1.2"]
[Board "6"]
[White "Junge, Kai"]
[Black "Nielsen, Lars Aaes"]
[Result "0-1"]
[BlackTitle "FM"]
[WhiteElo "2212"]
[BlackElo "2245"]
[WhiteTeam "BOV"]
[BlackTeam "Nordkalotten"]
[WhiteFideId "4605454"]
[BlackFideId "1401726"]
[EventDate "2017.11.18"]

1. Nf3 d5 2. g3 c5 3. Bg2 Nc6 4. O-O Nf6 5. d3 e5 6. e4 dxe4 7. dxe4 Qxd1 8.
Rxd1 Bg4 9. c3 Nxe4 10. Re1 O-O-O 11. Na3 Rd3 12. Be3 f6 13. Nh4 Nd6 14. Bf1 Rd5
15. c4 Rd4 16. Bxd4 Nxd4 17. h3 Be6 18. Re3 g6 19. Rd1 a6 20. Nf3 N6f5 21. Rc3
Bg7 22. Nxd4 Nxd4 23. Nc2 f5 24. Nxd4 cxd4 25. Rcc1 e4 26. b4 d3 27. b5 Rd8 28.
bxa6 bxa6 29. Rb1 Kc7 30. a3 Kc6 31. Rb4 Bc3 32. Rb3 Ba5 33. Rb2 Bxc4 34. Rc1
Kd5 35. Rb7 Bb5 36. Rxh7 Ba4 37. Rb1 Ke5 38. Re7+ Kf6 39. Ra7 Rd6 40. Kg2 Bc2
41. Rbb7 d2 42. Be2 d1=Q 43. Rf7+ Ke5 44. Rae7+ Kd5 45. Bxd1 Bxd1 46. Rd7 Bc3
47. Rxd6+ Kxd6 48. Rf8 Bb3 49. Kg1 a5 50. h4 a4 51. Ra8 Ke7 52. Ra7+ Kf6 53.
Ra6+ Kg7 54. Ra7+ Kh6 55. Re7 Bb2 56. g4 fxg4 57. Rxe4 Bxa3 58. Rxg4 Bc1 59. h5
Kxh5 60. Rg3 g5 61. Rc3 Bb2 0-1

[Event "56th TCh-DEN Ex 2017-18"]
[Site "Denmark DEN"]
[Date "2017.11.18"]
[Round "1.2"]
[Board "7"]
[White "Pedersen, Daniel Vesterbaek"]
[Black "Schuette, Andreas"]
[Result "1/2-1/2"]
[WhiteTitle "FM"]
[WhiteElo "2200"]
[BlackElo "2152"]
[WhiteTeam "Nordkalotten"]
[BlackTeam "BOV"]
[WhiteFideId "1402161"]
[BlackFideId "4639790"]
[EventDate "2017.11.18"]

1. e4 d5 2. exd5 Qxd5 3. Nc3 Qd6 4. d4 Nf6 5. Nf3 c6 6. Be2 Bg4 7. h3 Bh5 8. Ne5
Bxe2 9. Nxe2 e6 10. O-O Be7 11. Bf4 Qd8 12. c4 O-O 13. Qb3 Qb6 14. Qxb6 axb6 15.
a3 Rd8 16. Rfd1 Nbd7 17. Nc3 h6 18. Nf3 Rdc8 19. Rac1 Bf8 20. d5 exd5 21. cxd5
b5 22. Ne5 Nxe5 23. Bxe5 Nxd5 24. Nxd5 cxd5 25. Rxc8 Rxc8 26. Rxd5 Rc5 27. Rxc5
Bxc5 28. Kf1 f6 29. Bc3 1/2-1/2

[Event "56th TCh-DEN Ex 2017-18"]
[Site "Denmark DEN"]
[Date "2017.11.18"]
[Round "1.2"]
[Board "8"]
[White "Svane, Henrik"]
[Black "Jakobsen, Peter"]
[Result "1/2-1/2"]
[BlackTitle "FM"]
[WhiteElo "2084"]
[BlackElo "2182"]
[WhiteTeam "BOV"]
[BlackTeam "Nordkalotten"]
[WhiteFideId "1403192"]
[BlackFideId "1401440"]
[EventDate "2017.11.18"]

1. d4 Nf6 2. c4 e6 3. Nc3 Bb4 4. f3 d5 5. a3 Bxc3+ 6. bxc3 c5 7. cxd5 Nxd5 8.
dxc5 Qa5 9. e4 Ne7 10. Be3 O-O 11. Qb3 Nec6 12. Bb5 e5 13. Ne2 Be6 14. Bc4 Bxc4
15. Qxc4 Nd7 16. O-O Qc7 17. Rfd1 Rac8 18. Rd5 Ne7 19. Rd2 h6 1/2-1/2

[Event "56th TCh-DEN Ex 2017-18"]
[Site "Denmark DEN"]
[Date "2017.11.18"]
[Round "1.5"]
[Board "1"]
[White "Andersen, Mads"]
[Black "Hagen, Andreas Skytte"]
[Result "1/2-1/2"]
[WhiteTitle "GM"]
[BlackTitle "IM"]
[WhiteElo "2594"]
[BlackElo "2383"]
[WhiteTeam "Nordea Skanderborg"]
[BlackTeam "Aarhus/Skolerne"]
[WhiteFideId "1413864"]
[BlackFideId "1407341"]
[EventDate "2017.11.18"]

1. d4 Nf6 2. c4 g6 3. Nc3 Bg7 4. e4 d6 5. Nf3 O-O 6. Be2 e5 7. O-O Nc6 8. d5 Ne7
9. b4 Ne8 10. c5 f5 11. Re1 Nf6 12. Bg5 Nxe4 13. Nxe4 fxe4 14. Nd2 e3 15. fxe3
Bf6 16. Bxf6 Rxf6 17. Ne4 Rf7 18. g4 Kg7 19. Rc1 Ng8 20. Rf1 Nf6 21. Nxf6 Rxf6
22. Rxf6 Kxf6 23. Qc2 Bd7 24. b5 b6 25. c6 Bc8 26. Qd1 Kg7 27. Rc3 Qg5 28. Kh1
Qh4 29. Qg1 a6 30. Ra3 a5 31. Bf3 a4 32. Be2 Ra5 33. Qg3 Qxg3 34. hxg3 Kf6 35.
Kg2 Kg5 36. Kh3 h5 37. e4 Ra8 38. Bd1 Ra5 39. Be2 Bxg4+ 40. Bxg4 hxg4+ 41. Kg2
Rxb5 42. Rxa4 Rb2+ 43. Kf1 Rb1+ 44. Kf2 Rb2+ 45. Kf1 1/2-1/2

[Event "56th TCh-DEN Ex 2017-18"]
[Site "Denmark DEN"]
[Date "2017.11.18"]
[Round "1.5"]
[Board "2"]
[White "Sorensen, Jan"]
[Black "Ochsner, Bjorn Moller"]
[Result "1/2-1/2"]
[WhiteTitle "IM"]
[BlackTitle "IM"]
[WhiteElo "2420"]
[BlackElo "2459"]
[WhiteTeam "Aarhus/Skolerne"]
[BlackTeam "Nordea Skanderborg"]
[WhiteFideId "1400150"]
[BlackFideId "1416928"]
[EventDate "2017.11.18"]

1. d4 Nf6 2. Bg5 d5 3. Bxf6 exf6 4. e3 Bd6 5. g3 O-O 6. Bg2 c6 7. Ne2 Be6 8. O-O
Nd7 9. b3 Re8 10. Qd3 Nb6 11. Nd2 Qd7 12. e4 dxe4 13. Bxe4 f5 14. Bf3 f4 15. c4
Bf5 16. Qc3 Bc7 17. Rad1 g5 18. d5 c5 19. d6 Bxd6 20. gxf4 gxf4 21. Kh1 Be5 22.
Qc1 Qd3 23. Ng1 Rad8 24. Bxb7 Qc2 25. Ngf3 Qxc1 26. Rxc1 Bb2 27. Rce1 Kf8 1/2-1/2

[Event "56th TCh-DEN Ex 2017-18"]
[Site "Denmark DEN"]
[Date "2017.11.18"]
[Round "1.5"]
[Board "3"]
[White "Semcesen, Daniel"]
[Black "Skytte, Rasmus"]
[Result "1/2-1/2"]
[WhiteTitle "GM"]
[BlackTitle "IM"]
[WhiteElo "2483"]
[BlackElo "2394"]
[WhiteTeam "Nordea Skanderborg"]
[BlackTeam "Aarhus/Skolerne"]
[WhiteFideId "1706993"]
[BlackFideId "1404210"]
[EventDate "2017.11.18"]

1. d4 Nf6 2. c4 e6 3. Nc3 Bb4 4. Qc2 O-O 5. a3 Bxc3+ 6. Qxc3 b6 7. Bg5 Bb7 8. f3
h6 9. Bh4 d5 10. e3 Re8 11. Bd3 Nbd7 12. cxd5 exd5 13. Bf2 c5 14. Ne2 Rc8 15.
O-O Nb8 16. Rad1 Ba6 17. dxc5 bxc5 18. Qc2 Bxd3 19. Rxd3 Nbd7 20. Nc3 Ne5 21.
Rdd1 c4 22. Rd4 Nc6 23. Rd2 Ne5 24. Rd4 Nc6 25. Rd2 Ne5 26. Rd4 Nc6 1/2-1/2

[Event "56th TCh-DEN Ex 2017-18"]
[Site "Denmark DEN"]
[Date "2017.11.18"]
[Round "1.5"]
[Board "4"]
[White "Christensen, Tobias"]
[Black "Pedersen, Nicolai Vesterbaek"]
[Result "1/2-1/2"]
[WhiteTitle "IM"]
[BlackTitle "IM"]
[WhiteElo "2352"]
[BlackElo "2392"]
[WhiteTeam "Aarhus/Skolerne"]
[BlackTeam "Nordea Skanderborg"]
[WhiteFideId "1400673"]
[BlackFideId "1402340"]
[EventDate "2017.11.18"]

1. e4 e5 2. Nf3 Nc6 3. d4 exd4 4. Nxd4 Nf6 5. Nxc6 bxc6 6. Bd3 d5 7. Qe2 dxe4 8.
Nc3 Bb4 9. Bxe4 Nxe4 10. Qxe4+ Qe7 11. O-O Qxe4 12. Nxe4 Bf5 13. c3 Ba5 14. Re1
O-O-O 15. Nc5 Rd5 16. Be3 Bb6 17. b4 Re8 18. Bd4 Rxe1+ 19. Rxe1 Bxc5 20. Bxc5 a5
21. a4 Bc2 22. Bf8 g6 23. h3 axb4 24. cxb4 Bxa4 25. Bc5 Bb3 26. Re3 Rd1+ 27. Kh2
Be6 28. Kg3 Kb7 29. Ra3 Bd5 30. Ra7+ Kb8 31. Ra3 Rg1 32. f3 Rd1 33. Kf4 h5 34.
h4 Rh1 35. Kg5 Rh2 36. g3 Rg2 37. f4 Be6 38. Kf6 Rd2 39. Re3 Kc8 40. Re4 Rd3 41.
Re3 Rd2 42. Ra3 Kb7 43. Ra7+ Kb8 44. Ra3 Kb7 45. Ra7+ Kb8 46. Ra3 1/2-1/2

[Event "56th TCh-DEN Ex 2017-18"]
[Site "Denmark DEN"]
[Date "2017.11.18"]
[Round "1.5"]
[Board "5"]
[White "Bjerre, Jonas Buhl"]
[Black "Vinter-Schou, Uffe"]
[Result "1-0"]
[WhiteTitle "FM"]
[BlackTitle "IM"]
[WhiteElo "2354"]
[BlackElo "2336"]
[WhiteTeam "Nordea Skanderborg"]
[BlackTeam "Aarhus/Skolerne"]
[WhiteFideId "1444948"]
[BlackFideId "1400568"]
[EventDate "2017.11.18"]

1. e4 c6 2. d4 d5 3. Nc3 dxe4 4. Nxe4 Nf6 5. Nxf6+ exf6 6. c3 Bd6 7. Bd3 O-O 8.
Qc2 Re8+ 9. Ne2 h6 10. O-O Qc7 11. Ng3 Be6 12. Bd2 Nd7 13. f4 b5 14. b3 Nb6 15.
c4 bxc4 16. bxc4 c5 17. d5 Bd7 18. a4 Rab8 19. Ra3 Kh8 20. Bc1 Nc8 21. Qd1 g6
22. f5 Bxg3 23. fxg6 Bxh2+ 24. Kh1 fxg6 25. Bxg6 Re5 26. Rxf6 Bg4 27. Qf1 Nd6
28. Rf8+ 1-0

[Event "56th TCh-DEN Ex 2017-18"]
[Site "Denmark DEN"]
[Date "2017.11.18"]
[Round "1.5"]
[Board "6"]
[White "Ochsner, Thomas"]
[Black "Hansen, Mads"]
[Result "0-1"]
[BlackTitle "IM"]
[WhiteElo "2301"]
[BlackElo "2387"]
[WhiteTeam "Aarhus/Skolerne"]
[BlackTeam "Nordea Skanderborg"]
[WhiteFideId "1400711"]
[BlackFideId "1401610"]
[EventDate "2017.11.18"]

1. e4 c5 2. Nf3 e6 3. c3 Nf6 4. e5 Nd5 5. d4 cxd4 6. cxd4 d6 7. a3 Nc6 8. Bd3 g6
9. Bg5 Qa5+ 10. Bd2 Qc7 11. Nc3 Nxc3 12. Bxc3 Bg7 13. Rc1 dxe5 14. Nxe5 Bd7 15.
O-O O-O 16. Qf3 Rac8 17. Qe3 Rfd8 18. Be4 Qb8 19. h3 Be8 20. Rfe1 Ne7 21. Qf3
Nd5 22. Bb1 Qd6 23. Be4 Bh6 24. Rc2 f5 25. Bd3 Ba4 26. Rce2 Nxc3 27. bxc3 Rxc3
28. Qxb7 Rc7 29. Qb1 Qxd4 30. Qa2 Rd5 31. Bc4 Rxe5 32. Bxe6+ Rxe6 33. Qxe6+ Kg7
34. Qa6 Bg5 35. Qa5 Rd7 36. Re8 Bc6 37. R8e5 Bh4 38. R1e2 Be4 39. Re8 Bd8 40.
Qb5 Qa1+ 41. Kh2 Bc7+ 42. g3 Qh1# 0-1

[Event "56th TCh-DEN Ex 2017-18"]
[Site "Denmark DEN"]
[Date "2017.11.18"]
[Round "1.5"]
[Board "7"]
[White "Andersen, Jackie"]
[Black "Rendboe, John Filip"]
[Result "1/2-1/2"]
[BlackTitle "FM"]
[WhiteElo "2388"]
[BlackElo "2127"]
[WhiteTeam "Nordea Skanderborg"]
[BlackTeam "Aarhus/Skolerne"]
[WhiteFideId "1402650"]
[BlackFideId "1403664"]
[EventDate "2017.11.18"]

1. d4 d5 2. Nf3 Nf6 3. Bf4 e6 4. e3 c5 5. c3 Nc6 6. Nbd2 Bd6 7. Bg3 O-O 8. Bd3
cxd4 9. exd4 Qc7 10. Qe2 g6 11. Ne5 Nh5 12. Ndf3 f6 13. Nxc6 bxc6 14. c4 Qa5+
15. Kf1 Bf4 16. Kg1 Bd7 17. Qc2 Be8 18. a3 Rb8 19. Bf1 Rf7 20. b4 Qc7 21. Re1
Re7 22. Bh4 g5 23. Bg3 Bg6 24. Bd3 Bxd3 25. Qxd3 a5 26. Rb1 axb4 27. axb4 dxc4
28. Qxc4 Qd6 29. Ne1 Rd8 30. Rd1 Qd5 31. Qe2 Ng7 32. Nc2 Nf5 33. Rd3 e5 34. h4
e4 35. Ra3 Bxg3 36. hxg5 fxg5 37. Ra5 Qf7 38. fxg3 h6 39. g4 Ng3 40. Qe1 Nxh1
41. Kxh1 e3 42. Rf5 Qc4 43. Rc5 Qd3 44. Rxc6 Rf8 45. Qg3 Qf1+ 46. Kh2 Qf4 47. d5
e2 48. Re6 Rxe6 49. dxe6 Re8 50. Qxf4 gxf4 51. Kg1 Rxe6 52. Kf2 Kf7 53. Ne1 Kf6
54. Nf3 Ke7 55. Ke1 Re4 56. b5 Kd6 57. Ng1 Kc5 58. Nxe2 Kxb5 59. Kf2 Kc4 60. Kf3
Re3+ 61. Kf2 Re4 62. Kf3 Re3+ 63. Kf2 1/2-1/2

[Event "56th TCh-DEN Ex 2017-18"]
[Site "Denmark DEN"]
[Date "2017.11.18"]
[Round "1.5"]
[Board "8"]
[White "Jensen, Jacob Bjerre"]
[Black "Boe, Mads"]
[Result "1/2-1/2"]
[BlackTitle "FM"]
[WhiteElo "2140"]
[BlackElo "2297"]
[WhiteTeam "Aarhus/Skolerne"]
[BlackTeam "Nordea Skanderborg"]
[WhiteFideId "1401513"]
[BlackFideId "1401408"]
[EventDate "2017.11.18"]

1. d4 f5 2. g3 Nf6 3. Bg2 e6 4. Nf3 d5 5. c4 c6 6. O-O Bd6 7. b3 Qe7 8. Ne5 O-O
9. Bb2 b6 10. cxd5 cxd5 11. Nc4 Nc6 12. Nxd6 Qxd6 13. Ba3 Nb4 14. Nd2 Bd7 15.
Nf3 Rfc8 16. Ne5 Bb5 17. Qd2 a5 18. Rfc1 Nd7 19. Nxd7 Bxd7 20. f3 Rab8 21. Bf1
Bb5 22. Rxc8+ Rxc8 23. Rc1 Rxc1 24. Qxc1 Kf7 25. Qd2 Ba6 26. Bg2 Bb5 27. Bf1 h6
28. Bg2 Ba6 29. Bf1 Bb5 30. Bg2 Ba6 31. Bf1 Bb5 32. Bg2 1/2-1/2

[Event "56th TCh-DEN Ex 2017-18"]
[Site "Denmark DEN"]
[Date "2017.11.19"]
[Round "2.1"]
[Board "1"]
[White "Jahncke, Giso"]
[Black "Lindgren, Philip"]
[Result "1-0"]
[WhiteTitle "FM"]
[BlackTitle "IM"]
[WhiteElo "2352"]
[BlackElo "2382"]
[WhiteTeam "BOV"]
[BlackTeam "BMS"]
[WhiteFideId "24608289"]
[BlackFideId "1713230"]
[EventDate "2017.11.18"]

1. c4 Nf6 2. Nf3 e6 3. g3 d5 4. Bg2 dxc4 5. Qa4+ Bd7 6. Qxc4 c5 7. Ne5 Qc8 8.
Nc3 Nc6 9. Nxd7 Qxd7 10. O-O Rd8 11. a3 Nd4 12. e3 b5 13. Qa2 Nf5 14. b4 cxb4
15. axb4 Bxb4 16. Qa6 O-O 17. Nxb5 Qd3 18. Nxa7 Bxd2 19. Nc6 Rd6 20. Qxd3 Rxd3
21. Rd1 Bc3 22. Rxd3 Bxa1 23. Ra3 1-0

[Event "56th TCh-DEN Ex 2017-18"]
[Site "Denmark DEN"]
[Date "2017.11.19"]
[Round "2.1"]
[Board "2"]
[White "Haubro, Martin"]
[Black "Krause, Jonah"]
[Result "0-1"]
[WhiteTitle "IM"]
[BlackTitle "FM"]
[WhiteElo "2297"]
[BlackElo "2366"]
[WhiteTeam "BMS"]
[BlackTeam "BOV"]
[WhiteFideId "1414291"]
[BlackFideId "12907910"]
[EventDate "2017.11.18"]

1. e4 c6 2. d4 d5 3. exd5 cxd5 4. c4 Nf6 5. Nc3 Nc6 6. Nf3 Bg4 7. cxd5 Nxd5 8.
Qb3 Bxf3 9. gxf3 e6 10. Qxb7 Nxd4 11. Bb5+ Nxb5 12. Qc6+ Ke7 13. Qc5+ Nd6 14.
Nxd5+ Kd7 15. Nc3 Qc8 16. Qh5 Qb7 17. O-O g6 18. Qe5 Qxf3 19. Rd1 f6 20. Qb5+
Ke7 21. Rxd6 Kxd6 22. Be3 Ke7 23. Bc5+ Kf7 24. Qd7+ Kg8 25. Qxe6+ Kg7 26. Qd7+
Kh6 27. Be3+ Kh5 28. Rd1 Qg4+ 29. Qxg4+ Kxg4 30. Rd5 g5 31. Ne4 Be7 32. Rd7 Rhe8
33. Ng3 Rad8 34. Rxa7 Kf3 35. h3 Rd1+ 36. Kh2 Bd6 0-1

[Event "56th TCh-DEN Ex 2017-18"]
[Site "Denmark DEN"]
[Date "2017.11.19"]
[Round "2.1"]
[Board "3"]
[White "Schwarz, Frank"]
[Black "Rostgaard, Tobias Valentin"]
[Result "1/2-1/2"]
[BlackTitle "FM"]
[WhiteElo "2237"]
[BlackElo "2335"]
[WhiteTeam "BOV"]
[BlackTeam "BMS"]
[WhiteFideId "4658035"]
[BlackFideId "1408801"]
[EventDate "2017.11.18"]

1. c4 Nf6 2. g3 e6 3. Bg2 d5 4. Nf3 dxc4 5. Qa4+ Nbd7 6. Qxc4 a6 7. O-O b5 8.
Qc2 Bb7 9. b3 c5 10. Bb2 Be7 11. d3 O-O 12. e4 c4 13. e5 cxb3 14. axb3 Nd5 15.
d4 Rc8 16. Qe2 N7b6 17. Ne1 Rc7 18. Nd3 Qa8 19. Bh3 Rfc8 20. Nd2 Rc2 21. Rac1
Nc3 22. Bxc3 R8xc3 23. Rxc2 Rxc2 24. Qd1 Rc8 25. Nf4 Rd8 26. Ne2 a5 27. f4 g6
28. Qb1 b4 29. Rf2 a4 30. bxa4 Nxa4 31. Qb3 Bd5 32. Qe3 Nb2 33. Rf1 Nc4 34. Nxc4
Bxc4 35. Re1 Qa3 36. Kf2 b3 37. Bg2 Bb4 38. Rd1 Bc5 39. Qc3 Bxe2 40. Kxe2 Bb4
41. Qc4 Qb2+ 42. Kf1 Bc3 43. d5 Qc2 44. Qe2 Qxe2+ 45. Kxe2 exd5 46. Bxd5 b2 47.
Be4 Rxd1 48. Kxd1 Bd4 49. Ke2 Kf8 50. Bb1 Ke7 51. Kf3 Kd7 52. Ke4 Bg1 53. h3 Kc6
54. g4 1/2-1/2

[Event "56th TCh-DEN Ex 2017-18"]
[Site "Denmark DEN"]
[Date "2017.11.19"]
[Round "2.1"]
[Board "4"]
[White "Sahl, Bjarke"]
[Black "Reinecker, Kai"]
[Result "1-0"]
[WhiteTitle "IM"]
[WhiteElo "2333"]
[BlackElo "2254"]
[WhiteTeam "BMS"]
[BlackTeam "BOV"]
[WhiteFideId "1400231"]
[BlackFideId "4663390"]
[EventDate "2017.11.18"]

1. e4 e5 2. d4 exd4 3. Nf3 Nc6 4. Bc4 Nf6 5. e5 d5 6. Bb5 Ne4 7. Nxd4 Bd7 8.
Bxc6 bxc6 9. O-O Bc5 10. f3 Ng5 11. Kh1 O-O 12. Be3 Qe7 13. Qd2 h6 14. Nc3 Qxe5
15. Na4 Bxd4 16. Bxd4 Qf5 17. Nc5 Bc8 18. Qc3 Qg6 19. Rae1 Bf5 20. Re7 Rfe8 21.
Rfe1 Rxe7 22. Rxe7 h5 23. Qe1 Bxc2 24. h4 Nh7 25. Nd7 Nf6 26. Ne5 Qf5 27. Nxf7
c5 28. Bxf6 Qxf6 29. Re8+ Rxe8 30. Qxe8+ Kh7 31. Ng5+ Kh6 32. Qh8+ Bh7 33. Qxh7# 1-0

[Event "56th TCh-DEN Ex 2017-18"]
[Site "Denmark DEN"]
[Date "2017.11.19"]
[Round "2.1"]
[Board "5"]
[White "Light, Bjarne"]
[Black "Seegert, Kristian"]
[Result "0-1"]
[WhiteElo "2234"]
[BlackElo "2241"]
[WhiteTeam "BOV"]
[BlackTeam "BMS"]
[WhiteFideId "1401360"]
[BlackFideId "1405098"]
[EventDate "2017.11.18"]

1. c4 e5 2. g3 Nc6 3. Bg2 Bc5 4. Nc3 a6 5. e3 d6 6. Nge2 Ba7 7. b3 h5 8. h3 h4
9. g4 f5 10. gxf5 Bxf5 11. d3 Qd7 12. Bb2 O-O-O 13. Qd2 g5 14. O-O-O g4 15. Ng1
Nf6 16. Ne4 Nxe4 17. dxe4 Be6 18. Bc3 Rdf8 19. Rf1 Rhg8 20. Qe1 gxh3 21. Bxh3
Bxh3 22. Nxh3 Qg4 23. Qd1 Qxe4 24. Be1 Bxe3+ 25. fxe3 Rxf1 26. Rxf1 Qxe3+ 27.
Bd2 Qxh3 28. Rh1 Qd3 29. Rxh4 Nd4 30. Rh1 b6 31. Bb4 Qe3+ 32. Qd2 Qf3 33. Qh6
Qe4 34. Rh2 a5 35. Bc3 Rg1+ 36. Kb2 Rg2+ 37. Rxg2 Qxg2+ 38. Qd2 Qxd2+ 39. Bxd2
Kd7 40. Kc3 Ke6 41. Be3 c5 42. Bg5 Nc6 43. Bh6 d5 44. cxd5+ Kxd5 45. a4 e4 46.
Bg5 Nd4 47. Bd8 e3 48. Bxb6 e2 49. Kd2 Ke4 50. Bd8 Kf3 51. Bh4 Nxb3+ 52. Kc3 Nc1
53. Kc2 Na2 54. Kb3 Nb4 55. Be1 Ke3 56. Kc4 Na6 57. Bxa5 Nb4 58. Bb6 e1=Q 59.
Bxc5+ Ke4 60. Bxb4 Qe2+ 61. Kc5 Qc2+ 62. Kb5 Kd5 0-1

[Event "56th TCh-DEN Ex 2017-18"]
[Site "Denmark DEN"]
[Date "2017.11.19"]
[Round "2.1"]
[Board "6"]
[White "Pedersen, Nicolai Kvist Brondt"]
[Black "Junge, Kai"]
[Result "1/2-1/2"]
[WhiteElo "2180"]
[BlackElo "2212"]
[WhiteTeam "BMS"]
[BlackTeam "BOV"]
[WhiteFideId "1413848"]
[BlackFideId "4605454"]
[EventDate "2017.11.18"]

1. d4 Nf6 2. Nf3 g6 3. c4 Bg7 4. Nc3 O-O 5. Bf4 d6 6. e3 Na6 7. Be2 c5 8. h3 Qb6
9. Qd2 Bf5 10. O-O Ne4 1/2-1/2

[Event "56th TCh-DEN Ex 2017-18"]
[Site "Denmark DEN"]
[Date "2017.11.19"]
[Round "2.1"]
[Board "7"]
[White "Schuette, Andreas"]
[Black "Jacobsen, Mikkel Manosri"]
[Result "1/2-1/2"]
[BlackTitle "FM"]
[WhiteElo "2152"]
[BlackElo "2162"]
[WhiteTeam "BOV"]
[BlackTeam "BMS"]
[WhiteFideId "4639790"]
[BlackFideId "1444514"]
[EventDate "2017.11.18"]

1. d4 Nf6 2. Bg5 d5 3. e3 Nbd7 4. Nf3 g6 5. c4 Bg7 6. Nc3 c6 7. cxd5 cxd5 8. Bd3
O-O 9. O-O b6 10. Ne5 Nxe5 11. dxe5 Ng4 12. Be2 Nxe5 13. Nxd5 f6 14. Bf4 Be6 15.
Bxe5 Qxd5 16. Bc3 Qxd1 17. Rfxd1 Rad8 1/2-1/2

[Event "56th TCh-DEN Ex 2017-18"]
[Site "Denmark DEN"]
[Date "2017.11.19"]
[Round "2.1"]
[Board "8"]
[White "Nielsen, Thomas Bach2"]
[Black "Svane, Henrik"]
[Result "1/2-1/2"]
[WhiteElo "2146"]
[BlackElo "2084"]
[WhiteTeam "BMS"]
[BlackTeam "BOV"]
[WhiteFideId "1401785"]
[BlackFideId "1403192"]
[EventDate "2017.11.18"]

1. d4 d5 2. c4 dxc4 3. e3 e6 4. Bxc4 Nf6 5. Nf3 c5 6. O-O a6 7. Qe2 b5 8. Bb3
Bb7 9. Rd1 Nbd7 10. a4 Qb8 11. Nbd2 Bd6 1/2-1/2

[Event "56th TCh-DEN Ex 2017-18"]
[Site "Denmark DEN"]
[Date "2017.11.19"]
[Round "2.2"]
[Board "1"]
[White "Matthiesen, Martin"]
[Black "Hillarp Persson, Tiger"]
[Result "0-1"]
[WhiteTitle "FM"]
[BlackTitle "GM"]
[WhiteElo "2307"]
[BlackElo "2531"]
[WhiteTeam "SK1968"]
[BlackTeam "Bronshoj"]
[WhiteFideId "1404067"]
[BlackFideId "1700812"]
[EventDate "2017.11.18"]

1. d4 Nf6 2. c4 c5 3. d5 e6 4. Nc3 exd5 5. cxd5 d6 6. e4 g6 7. h3 a6 8. a4 Bg7
9. Nf3 Nbd7 10. Bd3 Nh5 11. Bg5 Bf6 12. Be3 Ne5 13. Be2 Nxf3+ 14. Bxf3 Bg5 15.
Qd2 Bxe3 16. Qxe3 Ng7 17. a5 O-O 18. O-O Re8 19. Qd2 Rb8 20. Rfe1 b5 21. axb6
Rxb6 22. Be2 f5 23. Bc4 Qh4 24. g3 Qd8 25. b3 Rb7 26. Rxa6 Rbe7 27. Ra8 fxe4 28.
Ba6 e3 29. Rxe3 Rxe3 30. fxe3 Qa5 31. Rxc8 Qxa6 32. Rxe8+ Nxe8 33. Ne4 Qa1+ 34.
Kg2 Qe5 35. Nc3 Nf6 36. Qd3 Kg7 37. e4 h5 38. Qe3 g5 39. h4 gxh4 40. gxh4 Kf7
41. Kg1 Ng4 42. Qf3+ Ke7 43. Nd1 Qh2+ 44. Kf1 Qxh4 45. Ke2 Qh2+ 46. Ke1 Qe5 47.
Nf2 Qa1+ 48. Nd1 Qc1 49. Qg3 Qg5 50. Nf2 Qe5 51. Qh3 Qa1+ 0-1

[Event "56th TCh-DEN Ex 2017-18"]
[Site "Denmark DEN"]
[Date "2017.11.19"]
[Round "2.2"]
[Board "2"]
[White "Aagaard, Jacob"]
[Black "Rewitz, Poul"]
[Result "0-1"]
[WhiteTitle "GM"]
[BlackTitle "FM"]
[WhiteElo "2488"]
[BlackElo "2308"]
[WhiteTeam "Bronshoj"]
[BlackTeam "SK1968"]
[WhiteFideId "1401815"]
[BlackFideId "1401033"]
[EventDate "2017.11.18"]

1. e4 c5 2. Nf3 Nc6 3. Nc3 d6 4. d4 cxd4 5. Nxd4 e5 6. Ndb5 a6 7. Na3 Nf6 8. Bg5
b5 9. Nd5 Be7 10. Bxf6 Bxf6 11. c3 O-O 12. Nc2 Bg5 13. a4 bxa4 14. Rxa4 Rb8 15.
b4 a5 16. h4 Bh6 17. b5 Ne7 18. Nxe7+ Qxe7 19. Bc4 Kh8 20. Qd3 f5 21. Bd5 fxe4
22. Bxe4 Rf4 23. Ne3 Bb7 24. Nd5 Bxd5 25. Qxd5 Rbf8 26. O-O Qa7 27. Ra2 R4f6 28.
Re2 Bf4 29. Qb7 Qxb7 30. Bxb7 e4 31. Rxe4 Be5 32. Re3 a4 33. g3 h6 34. h5 a3 35.
f4 Rf5 36. Rfe1 Bf6 37. Re8 Bxc3 38. Rxf8+ Rxf8 39. Re2 Rb8 40. Bd5 g5 41. hxg6
Rxb5 42. Ba2 Kg7 43. Re7+ Kxg6 44. Re6+ Kf5 45. Rxd6 Rb2 46. Bg8 a2 47. Be6+ Ke4
48. Bd5+ Ke3 49. Re6+ Kd4 50. Bxa2 Rxa2 51. Rxh6 Ke4 52. g4 Bd4+ 53. Kh1 Be3 54.
Rh3 Kxf4 55. g5 Ra5 56. g6 Rg5 57. Rh8 Bd4 58. Rh4+ Ke3 59. g7 Bxg7 60. Rh3+ Kf4
61. Rh4+ Kg3 62. Rh3+ Kg4 63. Kg2 Be5 64. Rd3 Bf4 65. Kf2 Ra5 66. Ke2 Ra2+ 67.
Kd1 Kf5 68. Rc3 Ke4 69. Rc4+ Kd3 70. Rxf4 Ra1# 0-1